| 000 | 00875cam a2200229 a 4500 | ||
|---|---|---|---|
| 001 | 000004601 | ||
| 005 | 20241009115416.0 | ||
| 008 | 930106s1977 sp b 001 0 spa | ||
| 020 | _a8437600227 | ||
| 040 |
_aDO-SdBNP _bspa _cBNPHU |
||
| 082 |
_a860.9 _bL431e, 1977 |
||
| 100 | 1 |
_aLázaro Carreter, Fernando. _97731 |
|
| 245 | 1 | 0 |
_aEstilo barroco y personalidad creadora : _bGóngora, Quevedo, Lope de Vega / _cFernando Lázaro Carreter. |
| 250 | _a3a ed. | ||
| 260 |
_aMadrid : _bCátedra, _c1977. |
||
| 300 |
_a201 p. ; _c21 cm. |
||
| 650 | 0 |
_aLiteratura _93439 |
|
| 600 | 1 | 4 |
_aGÓNGORA Y ARGOTE, LUIS DE, _d1561-1627 _xCRÍTICA E INTERPRETACIÓN _913417 |
| 600 | 1 | 4 |
_aQUEVEDO, FRANCISCO DE, _d1580-1645 _xCRÍTICA E INTERPRETACIÓN _913418 |
| 600 | 1 | 4 |
_aVEGA, LÓPEZ DE, _d1562-1635 _xCRÍTICA E INTERPRETACIÓN _913419 |
| 650 | 4 |
_aLiteratura barroca _xHistoria y crítica _913420 |
|
| 999 |
_c4409 _d4409 |
||